[Event "Moscow op-C"]
[Site "Moscow"]
[Date "2011.02.01"]
[Round "4"]
[White "Dzhumaev, Almir"]
[Black "Edzhibia, David"]
[Result "1-0"]
[WhiteElo "2226"]
[BlackElo "2054"]
[PlyCount "61"]
[EventDate "2011.01.29"]
[EventType "swiss"]
[EventRounds "9"]
[EventCountry "RUS"]
[SourceTitle "EXT 2012"]
[Source "ChessBase"]
[SourceDate "2011.11.24"]
[SourceVersion "1"]
[SourceVersionDate "2011.11.24"]
[SourceQuality "1"]

1. e4 c5 2. Nc3 Nc6 3. g3 Nf6 4. Bg2 e6 5. d3 Be7 6. f4 d6 7. Nf3 Qc7 8. d4 cxd4 9. Nxd4 Nxd4 10. Qxd4 0-0 11. 0-0 d5 12. Qd3 dxe4 13. Nxe4 Rd8 14. Qe2 Bd7 15. Ng5 Qb6+ 16. Kh1 Rac8 17. c4 Qd4 18. Bxb7 Qxc4 19. Qxc4 Rxc4 20. b3 Rc2 21. Be3 Ng4 22. Bg1 Bb5 23. Rfc1 Rdd2 24. a4 Bf6 25. axb5 Bxa1 26. Rxa1 Nf2+ 27. Bxf2 Rxf2 28. Be4 Rb2 29. b6 a5 30. b7 Rxb3 31. Rxa5 1-0

[Event "Moscow op-C"]
[Site "Moscow"]
[Date "2011.01.29"]
[Round "1"]
[White "Edzhibia, David"]
[Black "Yaksin, Oleg"]
[Result "1/2-1/2"]
[WhiteElo "2054"]
[BlackElo "2410"]
[PlyCount "36"]
[EventDate "2011.01.29"]
[EventType "swiss"]
[EventRounds "9"]
[EventCountry "RUS"]
[SourceTitle "EXT 2012"]
[Source "ChessBase"]
[SourceDate "2011.11.24"]
[SourceVersion "1"]
[SourceVersionDate "2011.11.24"]
[SourceQuality "1"]

1. e4 c5 2. Nf3 d6 3. d4 cxd4 4. Nxd4 Nf6 5. Nc3 Nc6 6. Bg5 e6 7. Qd2 Be7 8. 0-0-0 Qb6 9. Be3 Ng4 10. Nxc6 Nxe3 11. Nxe7 Nxd1 12. Na4 Qxf2 13. Qxd6 Bd7 14. Nc5 Ne3 15. Qxd7+ Kf8 16. Bd3 Qxg2 17. Re1 Qf2 18. Rh1 Qg2 1/2-1/2